000 00469nam a2200181Ia 4500
001 8771
005 20260306160634.0
008 260306t2013||||xx |||||||||||||| ||spa||
041 _aESP
082 _a371.33
_bG86
100 _aGuerra, Marcela susana
_eAUT
245 0 _aLa tecnología y la educación personalizada:
_bteoría y práctica
260 _c2013
300 _axiv, 136 páginas :
_c21 cm.
650 _aGEN
654 _aCED
942 _cLIB
_dJUS
_fJUS
_2ddc
_n
999 _c8771
_d8771